000 00519nam a2200181 a 4500
005 20140414131844.0
008 100524s19uu xx 00 eng d
020 _a1-56711-484-9
050 _aM 070.1
_bE54 2001
100 _aEnglart, Mindi Rose
245 _aNewspapers from start to finish.
260 _c2001.
_aWoodbridge, Connecticut :
_bBlackbirch Press,
300 _a32
500 _aIncludes index. (alk. paper)
520 _aDescribes how newspapers are made.
650 _aNewspaper
999 _c109849
_d109849